[Event "Rapid Tournament (RAP)"]
[Site "Biel, CH"]
[Date "2025.07.13"]
[Round "2"]
[White "Berger, Vincent"]
[Black "Pardoen, Theodore"]
[Result "0-1"]
[Board "49"]
[WhiteFideId "1317822"]
[BlackFideId "282480"]
[WhiteElo "2002"]
[BlackElo "1711"]
[WhiteTeam "SUI"]
[BlackTeam "BEL"]
[WhiteClock "0:00:11"]
[BlackClock "0:02:02"]
[Variant "Standard"]

1. d4 {[%clk 0:15:07]}  d5 {[%clk 0:15:09]} 2. Bf4 {[%clk 0:15:09]}  Nc6 {[%clk 0:15:11]} 3. c4 {[%clk 0:15:03]}  Bf5 {[%clk 0:14:56]} 4. Nc3 {[%clk 0:14:31]}  e6 {[%clk 0:14:11]} 5. a3 {[%clk 0:14:09]}  a6 {[%clk 0:13:18]} 6. Nf3 {[%clk 0:13:41]}  Bd6 {[%clk 0:12:03]} 7. Bg5 {[%clk 0:11:50]}  f6 {[%clk 0:11:01]} 8. Bh4 {[%clk 0:11:32]}  dxc4 {[%clk 0:12:23]} 9. e4 {[%clk 0:11:14]}  Bg4 {[%clk 0:12:11]} 10. Bxc4 {[%clk 0:11:07]}  Bf4 {[%clk 0:11:35]} 11. d5 {[%clk 0:10:13]}  Ne5 {[%clk 0:11:01]} 12. Be2 {[%clk 0:08:50]}  Bxf3 {[%clk 0:10:36]} 13. gxf3 {[%clk 0:08:02]}  Ng6 {[%clk 0:07:35]} 14. Bg3 {[%clk 0:07:53]}  e5 {[%clk 0:07:11]} 15. Qa4+ {[%clk 0:06:39]}  b5 {[%clk 0:05:47]} 16. Qc2 {[%clk 0:05:56]}  N8e7 {[%clk 0:05:30]} 17. Na2 {[%clk 0:05:21]}  Qd7 {[%clk 0:04:44]} 18. Nb4 {[%clk 0:04:58]}  O-O {[%clk 0:04:29]} 19. Nd3 {[%clk 0:03:33]}  f5 {[%clk 0:02:52]} 20. Bxf4 {[%clk 0:02:54]}  Nxf4 {[%clk 0:02:58]} 21. Nxe5 {[%clk 0:02:36]}  Qd6 {[%clk 0:02:20]} 22. Qc3 {[%clk 0:02:26]}  fxe4 {[%clk 0:01:54]} 23. fxe4 {[%clk 0:02:15]}  Neg6 {[%clk 0:01:30]} 24. Nxg6 {[%clk 0:01:13]}  Qxg6 {[%clk 0:01:33]} 25. Bf3 {[%clk 0:00:44]}  Rae8 {[%clk 0:01:14]} 26. O-O-O {[%clk 0:00:39]}  Rxe4 {[%clk 0:01:13]} 27. Rhg1 {[%clk 0:00:35]}  Qxg1 {[%clk 0:01:11]} 28. Rxg1 {[%clk 0:00:38]}  Rc4 {[%clk 0:01:16]} 29. Qxc4 {[%clk 0:00:26]}  bxc4 {[%clk 0:01:19]} 30. Kd2 {[%clk 0:00:28]}  Nh3 {[%clk 0:01:23]} 31. Rg3 {[%clk 0:00:25]}  Nf4 {[%clk 0:01:26]} 32. Be4 {[%clk 0:00:22]}  Rd8 {[%clk 0:01:23]} 33. Ke3 {[%clk 0:00:23]}  Nh5 {[%clk 0:01:23]} 34. Rh3 {[%clk 0:00:24]}  Nf6 {[%clk 0:01:27]} 35. f3 {[%clk 0:00:27]}  Nxd5+ {[%clk 0:01:30]} 36. Bxd5+ {[%clk 0:00:28]}  Rxd5 {[%clk 0:01:34]} 37. Rh4 {[%clk 0:00:29]}  Rc5 {[%clk 0:01:37]} 38. Kd2 {[%clk 0:00:32]}  h6 {[%clk 0:01:40]} 39. Kc3 {[%clk 0:00:36]}  Rf5 {[%clk 0:01:43]} 40. Rxc4 {[%clk 0:00:33]}  Rxf3+ {[%clk 0:01:47]} 41. Kb4 {[%clk 0:00:37]}  Rf2 {[%clk 0:01:49]} 42. b3 {[%clk 0:00:35]}  Rxh2 {[%clk 0:01:50]} 43. Rxc7 {[%clk 0:00:39]}  Rh4+ {[%clk 0:01:50]} 44. Ka5 {[%clk 0:00:42]}  Rh3 {[%clk 0:01:51]} 45. Kb4 {[%clk 0:00:42]}  h5 {[%clk 0:01:53]} 46. Rc6 {[%clk 0:00:46]}  a5+ {[%clk 0:01:54]} 47. Ka4 {[%clk 0:00:48]}  Rh4+ {[%clk 0:01:54]} 48. Kxa5 {[%clk 0:00:51]}  Rd4 {[%clk 0:01:52]} 49. b4 {[%clk 0:00:53]}  h4 {[%clk 0:01:54]} 50. Rc3 {[%clk 0:00:56]}  g5 {[%clk 0:01:54]} 51. b5 {[%clk 0:01:00]}  g4 {[%clk 0:01:57]} 52. b6 {[%clk 0:01:03]}  h3 {[%clk 0:01:58]} 53. b7 {[%clk 0:00:58]}  Rd5+ {[%clk 0:01:56]} 54. Ka6 {[%clk 0:01:01]}  Rd6+ {[%clk 0:01:59]} 55. Ka7 {[%clk 0:01:05]}  Rd7 {[%clk 0:02:00]} 56. Ka8 {[%clk 0:01:07]}  Rxb7 {[%clk 0:02:02]} 57. Kxb7 {[%clk 0:01:05]}  h2 {[%clk 0:02:06]} 58. Rc1 {[%clk 0:01:11]}  g3 {[%clk 0:02:08]} 59. a4 {[%clk 0:00:38]}  g2 {[%clk 0:01:59]} 60. Rc8+ {[%clk 0:00:22]}  Kf7 {[%clk 0:02:10]} 61. Rc7 {[%clk 0:00:26]}  Ke6 {[%clk 0:02:14]} 62. Rc6+ {[%clk 0:00:26]}  Kd5 {[%clk 0:02:17]} 63. a5 {[%clk 0:00:10]}  g1=Q {[%clk 0:02:11]} 64. a6 {[%clk 0:00:11]}  h1=Q {[%clk 0:02:02]} 0-1

[Event "Rapid Tournament (RAP)"]
[Site "Biel, CH"]
[Date "2025.07.13"]
[Round "2"]
[White "Chen, Muxi"]
[Black "Jordan, Christina"]
[Result "1-0"]
[Board "50"]
[WhiteFideId "8626073"]
[BlackFideId "1347977"]
[WhiteElo "1979"]
[BlackElo "1710"]
[WhiteTeam "CHN"]
[BlackTeam "SUI"]
[WhiteClock "0:03:14"]
[BlackClock "0:00:46"]
[Variant "Standard"]

1. e4 {[%clk 0:14:08]}  c5 {[%clk 0:15:09]} 2. Nf3 {[%clk 0:14:10]}  d6 {[%clk 0:15:13]} 3. d4 {[%clk 0:14:06]}  cxd4 {[%clk 0:15:17]} 4. Nxd4 {[%clk 0:14:10]}  Nf6 {[%clk 0:15:21]} 5. Nc3 {[%clk 0:14:13]}  a6 {[%clk 0:15:25]} 6. Be2 {[%clk 0:14:17]}  e5 {[%clk 0:15:28]} 7. Nb3 {[%clk 0:14:20]}  Be7 {[%clk 0:15:33]} 8. Be3 {[%clk 0:14:24]}  Be6 {[%clk 0:15:36]} 9. Nd5 {[%clk 0:14:26]}  Bxd5 {[%clk 0:15:37]} 10. exd5 {[%clk 0:14:28]}  Nbd7 {[%clk 0:15:41]} 11. Qd2 {[%clk 0:14:23]}  Rc8 {[%clk 0:15:35]} 12. Na5 {[%clk 0:14:17]}  Qc7 {[%clk 0:15:24]} 13. c4 {[%clk 0:14:20]}  O-O {[%clk 0:14:27]} 14. O-O {[%clk 0:14:20]}  Nb8 {[%clk 0:13:50]} 15. b4 {[%clk 0:14:09]}  b6 {[%clk 0:13:47]} 16. Nb3 {[%clk 0:14:13]}  Nbd7 {[%clk 0:13:50]} 17. Rac1 {[%clk 0:14:09]}  Qb8 {[%clk 0:12:41]} 18. a4 {[%clk 0:13:59]}  Ne4 {[%clk 0:12:34]} 19. Qd3 {[%clk 0:13:50]}  f5 {[%clk 0:12:37]} 20. f3 {[%clk 0:13:35]}  Nef6 {[%clk 0:12:19]} 21. Qxf5 {[%clk 0:13:29]}  Kh8 {[%clk 0:12:09]} 22. Qd3 {[%clk 0:13:27]}  Nh5 {[%clk 0:11:31]} 23. g3 {[%clk 0:13:17]}  Nhf6 {[%clk 0:11:09]} 24. Qb1 {[%clk 0:13:09]}  Rce8 {[%clk 0:10:55]} 25. a5 {[%clk 0:13:09]}  b5 {[%clk 0:10:25]} 26. cxb5 {[%clk 0:12:17]}  Nxd5 {[%clk 0:10:27]} 27. Qd3 {[%clk 0:12:05]}  Nxe3 {[%clk 0:10:29]} 28. Qxe3 {[%clk 0:12:08]}  axb5 {[%clk 0:10:18]} 29. Qd3 {[%clk 0:12:07]}  Qa7+ {[%clk 0:10:07]} 30. Kg2 {[%clk 0:12:10]}  Rb8 {[%clk 0:10:10]} 31. Qd5 {[%clk 0:11:06]}  Nf6 {[%clk 0:09:24]} 32. Qd2 {[%clk 0:11:09]}  Qb7 {[%clk 0:08:51]} 33. Rc2 {[%clk 0:10:33]}  Rfc8 {[%clk 0:08:19]} 34. Rfc1 {[%clk 0:10:20]}  Rxc2 {[%clk 0:08:03]} 35. Qxc2 {[%clk 0:09:47]}  Nd5 {[%clk 0:07:53]} 36. Qd2 {[%clk 0:09:36]}  h6 {[%clk 0:07:07]} 37. Bd3 {[%clk 0:09:20]}  Bg5 {[%clk 0:07:08]} 38. Qe1 {[%clk 0:09:00]}  Bxc1 {[%clk 0:06:40]} 39. Nxc1 {[%clk 0:09:04]}  Nf6 {[%clk 0:06:33]} 40. Ne2 {[%clk 0:08:56]}  Qd5 {[%clk 0:06:32]} 41. Qc3 {[%clk 0:08:16]}  e4 {[%clk 0:05:34]} 42. Nf4 {[%clk 0:07:55]}  Qa2+ {[%clk 0:05:37]} 43. Bc2 {[%clk 0:07:31]}  d5 {[%clk 0:04:20]} 44. Qc7 {[%clk 0:06:12]}  Re8 {[%clk 0:04:10]} 45. fxe4 {[%clk 0:05:36]}  dxe4 {[%clk 0:04:07]} 46. Kh3 {[%clk 0:05:08]}  Qc4 {[%clk 0:02:48]} 47. Qxc4 {[%clk 0:04:36]}  bxc4 {[%clk 0:02:52]} 48. b5 {[%clk 0:04:36]}  e3 {[%clk 0:02:51]} 49. Ne2 {[%clk 0:04:22]}  Rd8 {[%clk 0:02:16]} 50. a6 {[%clk 0:04:19]}  Nd5 {[%clk 0:02:05]} 51. Kg2 {[%clk 0:03:57]}  Nc7 {[%clk 0:01:31]} 52. Ba4 {[%clk 0:03:57]}  Rd2 {[%clk 0:01:17]} 53. Kf3 {[%clk 0:03:37]}  Ra2 {[%clk 0:01:11]} 54. a7 {[%clk 0:03:15]}  Rxa4 {[%clk 0:00:42]} 55. b6 {[%clk 0:03:19]}  Ne6 {[%clk 0:00:46]} 56. b7 {[%clk 0:03:14]} 1-0

[Event "Rapid Tournament (RAP)"]
[Site "Biel, CH"]
[Date "2025.07.13"]
[Round "2"]
[White "Gunzinger, Severin"]
[Black "Avaria, Diego"]
[Result "0-1"]
[Board "51"]
[WhiteFideId "1362518"]
[BlackFideId "1335723"]
[WhiteElo "1707"]
[BlackElo "1958"]
[WhiteTeam "SUI"]
[BlackTeam "SUI"]
[WhiteClock "0:00:21"]
[BlackClock "0:01:07"]
[Variant "Standard"]

1. e4 {[%clk 0:14:59]}  e5 {[%clk 0:15:07]} 2. Nf3 {[%clk 0:15:00]}  d6 {[%clk 0:15:07]} 3. d4 {[%clk 0:15:02]}  Nf6 {[%clk 0:15:11]} 4. dxe5 {[%clk 0:15:02]}  Nxe4 {[%clk 0:15:13]} 5. Qd5 {[%clk 0:15:01]}  Nc5 {[%clk 0:15:13]} 6. Bg5 {[%clk 0:14:50]}  Qd7 {[%clk 0:14:14]} 7. Nc3 {[%clk 0:14:38]}  c6 {[%clk 0:14:06]} 8. Qd2 {[%clk 0:14:27]}  d5 {[%clk 0:13:52]} 9. O-O-O {[%clk 0:14:16]}  Be7 {[%clk 0:13:17]} 10. Bd3 {[%clk 0:13:35]}  Nxd3+ {[%clk 0:13:03]} 11. cxd3 {[%clk 0:13:17]}  Na6 {[%clk 0:11:57]} 12. Bxe7 {[%clk 0:12:40]}  Qxe7 {[%clk 0:11:58]} 13. Rhe1 {[%clk 0:12:41]}  Nc5 {[%clk 0:11:39]} 14. d4 {[%clk 0:11:36]}  Ne6 {[%clk 0:11:36]} 15. h4 {[%clk 0:11:09]}  Bd7 {[%clk 0:11:30]} 16. g4 {[%clk 0:09:58]}  O-O-O {[%clk 0:11:13]} 17. Rh1 {[%clk 0:08:42]}  Nc7 {[%clk 0:11:10]} 18. Qf4 {[%clk 0:08:21]}  h6 {[%clk 0:10:11]} 19. Qg3 {[%clk 0:07:43]}  Qe6 {[%clk 0:07:57]} 20. Nh2 {[%clk 0:06:37]}  b6 {[%clk 0:05:39]} 21. f4 {[%clk 0:06:17]}  Qe7 {[%clk 0:04:14]} 22. f5 {[%clk 0:05:26]}  c5 {[%clk 0:03:35]} 23. Nf3 {[%clk 0:04:17]}  cxd4 {[%clk 0:02:41]} 24. Nxd4 {[%clk 0:03:48]}  Rhe8 {[%clk 0:02:18]} 25. Rhe1 {[%clk 0:03:31]}  Qc5 {[%clk 0:02:22]} 26. Nb3 {[%clk 0:03:17]}  Qc6 {[%clk 0:02:07]} 27. Kb1 {[%clk 0:02:57]}  Kb7 {[%clk 0:02:11]} 28. Qd3 {[%clk 0:02:27]}  Bc8 {[%clk 0:02:11]} 29. Rc1 {[%clk 0:02:03]}  Qc4 {[%clk 0:02:12]} 30. Qf3 {[%clk 0:02:00]}  Qb4 {[%clk 0:01:48]} 31. Red1 {[%clk 0:01:08]}  Rxe5 {[%clk 0:01:50]} 32. Ne2 {[%clk 0:00:45]}  Qe4+ {[%clk 0:01:43]} 33. Qxe4 {[%clk 0:00:43]}  Rxe4 {[%clk 0:01:46]} 34. Nc3 {[%clk 0:00:36]}  Rxg4 {[%clk 0:01:48]} 35. Nd4 {[%clk 0:00:28]}  Rxh4 {[%clk 0:01:47]} 36. Re1 {[%clk 0:00:27]}  Rf4 {[%clk 0:01:38]} 37. Ndb5 {[%clk 0:00:21]}  Nxb5 {[%clk 0:01:34]} 38. Nxb5 {[%clk 0:00:25]}  Rc4 {[%clk 0:01:32]} 39. Re7+ {[%clk 0:00:26]}  Kb8 {[%clk 0:01:23]} 40. Rce1 {[%clk 0:00:19]}  a6 {[%clk 0:01:18]} 41. Na7 {[%clk 0:00:20]}  Rd7 {[%clk 0:01:17]} 42. Nxc8 {[%clk 0:00:21]}  Kxc8 {[%clk 0:01:17]} 43. Re8+ {[%clk 0:00:18]}  Kc7 {[%clk 0:01:15]} 44. Ra8 {[%clk 0:00:19]}  a5 {[%clk 0:01:14]} 45. Ree8 {[%clk 0:00:23]}  Kd6 {[%clk 0:01:11]} 46. Ra6 {[%clk 0:00:25]}  Rc6 {[%clk 0:01:08]} 47. Rg8 {[%clk 0:00:22]}  Rdc7 {[%clk 0:01:12]} 48. a4 {[%clk 0:00:22]}  f6 {[%clk 0:01:13]} 49. Rd8+ {[%clk 0:00:23]}  Rd7 {[%clk 0:01:15]} 50. Re8 {[%clk 0:00:26]}  Kc5 {[%clk 0:01:17]} 51. Re1 {[%clk 0:00:24]}  d4 {[%clk 0:01:18]} 52. Ra8 {[%clk 0:00:26]}  d3 {[%clk 0:01:16]} 53. Rae8 {[%clk 0:00:22]}  d2 {[%clk 0:01:18]} 54. Rd1 {[%clk 0:00:22]}  Rcd6 {[%clk 0:01:08]} 55. Kc2 {[%clk 0:00:24]}  Rd5 {[%clk 0:01:05]} 56. Re2 {[%clk 0:00:14]}  Rxf5 {[%clk 0:01:07]} 57. b3 {[%clk 0:00:16]}  Re5 {[%clk 0:01:07]} 58. Rexd2 {[%clk 0:00:17]}  Rxd2+ {[%clk 0:01:10]} 59. Rxd2 {[%clk 0:00:20]}  h5 {[%clk 0:01:06]} 60. Rd7 {[%clk 0:00:23]}  g5 {[%clk 0:01:04]} 61. Kd3 {[%clk 0:00:21]}  Rd5+ {[%clk 0:01:07]} 0-1

[Event "Rapid Tournament (RAP)"]
[Site "Biel, CH"]
[Date "2025.07.13"]
[Round "2"]
[White "Corbat, Philippe"]
[Black "Boyer, Jean-Francois"]
[Result "1/2-1/2"]
[Board "52"]
[WhiteFideId "1304496"]
[BlackFideId "650226"]
[WhiteElo "1957"]
[BlackElo "1697"]
[WhiteTeam "SUI"]
[BlackTeam "FRA"]
[WhiteClock "0:04:02"]
[BlackClock "0:03:05"]
[Variant "Standard"]

1. e4 {[%clk 0:15:07]}  e5 {[%clk 0:15:09]} 2. Nf3 {[%clk 0:15:10]}  Nc6 {[%clk 0:15:12]} 3. Bc4 {[%clk 0:15:13]}  Nf6 {[%clk 0:15:14]} 4. Ng5 {[%clk 0:15:12]}  d5 {[%clk 0:15:14]} 5. exd5 {[%clk 0:15:15]}  Na5 {[%clk 0:15:17]} 6. Bb5+ {[%clk 0:15:15]}  c6 {[%clk 0:15:21]} 7. dxc6 {[%clk 0:15:17]}  bxc6 {[%clk 0:15:25]} 8. Qf3 {[%clk 0:15:09]}  Rb8 {[%clk 0:15:14]} 9. Bxc6+ {[%clk 0:15:11]}  Nxc6 {[%clk 0:15:18]} 10. Qxc6+ {[%clk 0:15:13]}  Bd7 {[%clk 0:15:22]} 11. Qc4 {[%clk 0:15:11]}  Qe7 {[%clk 0:15:08]} 12. Nc3 {[%clk 0:14:42]}  h6 {[%clk 0:15:00]} 13. Nge4 {[%clk 0:14:38]}  Nxe4 {[%clk 0:13:12]} 14. Qxe4 {[%clk 0:14:09]}  Qe6 {[%clk 0:12:18]} 15. Qd5 {[%clk 0:12:31]}  Qf5 {[%clk 0:11:23]} 16. O-O {[%clk 0:12:18]}  Be7 {[%clk 0:09:29]} 17. Re1 {[%clk 0:10:59]}  Rd8 {[%clk 0:07:33]} 18. Qxe5 {[%clk 0:10:43]}  Qxe5 {[%clk 0:07:11]} 19. Rxe5 {[%clk 0:10:46]}  Be6 {[%clk 0:07:16]} 20. d3 {[%clk 0:10:31]}  Bd6 {[%clk 0:06:46]} 21. Ra5 {[%clk 0:10:10]}  Rd7 {[%clk 0:06:42]} 22. Be3 {[%clk 0:09:58]}  O-O {[%clk 0:06:30]} 23. Rxa7 {[%clk 0:09:52]}  Rxa7 {[%clk 0:05:04]} 24. Bxa7 {[%clk 0:09:54]}  Bb4 {[%clk 0:05:07]} 25. Ne2 {[%clk 0:09:21]}  Ra8 {[%clk 0:04:36]} 26. Bd4 {[%clk 0:09:12]}  Rxa2 {[%clk 0:03:52]} 27. Rxa2 {[%clk 0:09:14]}  Bxa2 {[%clk 0:03:55]} 28. b3 {[%clk 0:09:12]}  Bb1 {[%clk 0:03:55]} 29. c4 {[%clk 0:06:35]}  Bxd3 {[%clk 0:03:40]} 30. Nc1 {[%clk 0:06:34]}  Bc2 {[%clk 0:03:42]} 31. c5 {[%clk 0:06:01]}  Ba3 {[%clk 0:03:40]} 32. Be3 {[%clk 0:05:31]}  Bxc1 {[%clk 0:03:39]} 33. Bxc1 {[%clk 0:05:34]}  Bxb3 {[%clk 0:03:43]} 34. f4 {[%clk 0:05:29]}  f5 {[%clk 0:03:23]} 35. Kf2 {[%clk 0:05:31]}  Kf7 {[%clk 0:03:24]} 36. Ke3 {[%clk 0:05:33]}  Ke6 {[%clk 0:03:27]} 37. Bb2 {[%clk 0:05:15]}  g5 {[%clk 0:03:20]} 38. fxg5 {[%clk 0:05:12]}  hxg5 {[%clk 0:03:23]} 39. g3 {[%clk 0:04:52]}  Kd5 {[%clk 0:03:23]} 40. Ba3 {[%clk 0:04:20]}  g4 {[%clk 0:03:14]} 41. Kd3 {[%clk 0:04:02]}  Ba2 {[%clk 0:03:05]} 1/2-1/2

[Event "Rapid Tournament (RAP)"]
[Site "Biel, CH"]
[Date "2025.07.13"]
[Round "2"]
[White "Schaefer, Gion"]
[Black "Wuerth, Thomas"]
[Result "0-1"]
[Board "53"]
[WhiteFideId "1362097"]
[BlackFideId "1305379"]
[WhiteElo "1696"]
[BlackElo "1954"]
[WhiteTeam "SUI"]
[BlackTeam "SUI"]
[WhiteClock "0:05:55"]
[BlackClock "0:05:02"]
[Variant "Standard"]

1. e4 {[%clk 0:15:08]}  c5 {[%clk 0:15:08]} 2. Nf3 {[%clk 0:15:12]}  e6 {[%clk 0:15:11]} 3. d4 {[%clk 0:15:16]}  cxd4 {[%clk 0:15:14]} 4. Nxd4 {[%clk 0:15:20]}  a6 {[%clk 0:15:19]} 5. Nc3 {[%clk 0:15:24]}  Qc7 {[%clk 0:15:21]} 6. Be2 {[%clk 0:15:20]}  b5 {[%clk 0:15:17]} 7. a3 {[%clk 0:14:59]}  Bb7 {[%clk 0:15:20]} 8. O-O {[%clk 0:15:01]}  Nf6 {[%clk 0:15:22]} 9. Bf3 {[%clk 0:14:55]}  d6 {[%clk 0:15:20]} 10. Re1 {[%clk 0:14:50]}  Be7 {[%clk 0:15:12]} 11. Nde2 {[%clk 0:14:13]}  O-O {[%clk 0:14:57]} 12. Ng3 {[%clk 0:14:14]}  Nbd7 {[%clk 0:14:57]} 13. Bf4 {[%clk 0:13:54]}  Ne5 {[%clk 0:14:40]} 14. h3 {[%clk 0:12:45]}  Rfd8 {[%clk 0:13:18]} 15. Qe2 {[%clk 0:12:10]}  Rac8 {[%clk 0:13:05]} 16. Rad1 {[%clk 0:12:02]}  Nc4 {[%clk 0:12:47]} 17. a4 {[%clk 0:11:40]}  Nxb2 {[%clk 0:12:39]} 18. Rb1 {[%clk 0:10:24]}  Qxc3 {[%clk 0:12:21]} 19. axb5 {[%clk 0:10:27]}  Na4 {[%clk 0:08:32]} 20. bxa6 {[%clk 0:10:19]}  Ba8 {[%clk 0:08:30]} 21. Qb5 {[%clk 0:09:22]}  Bc6 {[%clk 0:07:40]} 22. Qe2 {[%clk 0:08:20]}  Nc5 {[%clk 0:06:41]} 23. Rb6 {[%clk 0:07:59]}  Nfd7 {[%clk 0:05:37]} 24. Rbb1 {[%clk 0:07:21]}  Ra8 {[%clk 0:05:29]} 25. Ra1 {[%clk 0:07:09]}  Rxa6 {[%clk 0:05:10]} 26. Rxa6 {[%clk 0:07:03]}  Nxa6 {[%clk 0:05:13]} 27. Rd1 {[%clk 0:06:43]}  Ne5 {[%clk 0:05:07]} 28. Qxa6 {[%clk 0:06:41]}  Nxf3+ {[%clk 0:05:03]} 29. gxf3 {[%clk 0:06:40]}  Qxf3 {[%clk 0:05:02]} 30. Bxd6 {[%clk 0:05:55]}  Qxd1+ {[%clk 0:05:01]} 31. Kg2 {[%clk 0:05:55]}  Qxd6 {[%clk 0:05:02]} 0-1

[Event "Rapid Tournament (RAP)"]
[Site "Biel, CH"]
[Date "2025.07.13"]
[Round "2"]
[White "Ernst, Rolf"]
[Black "Bjarnegard, Henry"]
[Result "1/2-1/2"]
[Board "54"]
[WhiteFideId "4611101"]
[BlackFideId "1780662"]
[WhiteTitle "FM"]
[WhiteElo "1941"]
[BlackElo "1691"]
[WhiteTeam "SUI"]
[BlackTeam "SWE"]
[WhiteClock "0:03:29"]
[BlackClock "0:00:28"]
[Variant "Standard"]

1. d4 {[%clk 0:15:06]}  Nf6 {[%clk 0:15:08]} 2. Nf3 {[%clk 0:15:09]}  d5 {[%clk 0:15:07]} 3. Bf4 {[%clk 0:15:09]}  c5 {[%clk 0:15:09]} 4. e3 {[%clk 0:15:12]}  Nc6 {[%clk 0:15:12]} 5. c3 {[%clk 0:15:16]}  Qb6 {[%clk 0:15:10]} 6. Qb3 {[%clk 0:15:19]}  c4 {[%clk 0:15:08]} 7. Qc2 {[%clk 0:15:23]}  Bf5 {[%clk 0:14:50]} 8. Qc1 {[%clk 0:15:27]}  Nh5 {[%clk 0:14:46]} 9. h3 {[%clk 0:15:18]}  Nxf4 {[%clk 0:14:40]} 10. exf4 {[%clk 0:15:21]}  e6 {[%clk 0:13:07]} 11. Be2 {[%clk 0:15:19]}  Bd6 {[%clk 0:12:59]} 12. g3 {[%clk 0:15:21]}  O-O {[%clk 0:12:16]} 13. Kf1 {[%clk 0:15:08]}  Qc7 {[%clk 0:12:02]} 14. Bd1 {[%clk 0:15:04]}  b5 {[%clk 0:11:28]} 15. Bc2 {[%clk 0:14:53]}  Ne7 {[%clk 0:11:23]} 16. Kg2 {[%clk 0:14:40]}  a5 {[%clk 0:10:54]} 17. Bxf5 {[%clk 0:14:17]}  Nxf5 {[%clk 0:10:50]} 18. Re1 {[%clk 0:14:16]}  b4 {[%clk 0:10:33]} 19. Nbd2 {[%clk 0:14:00]}  bxc3 {[%clk 0:09:34]} 20. bxc3 {[%clk 0:14:01]}  Ne7 {[%clk 0:08:28]} 21. Rb1 {[%clk 0:13:33]}  Rab8 {[%clk 0:08:22]} 22. Qc2 {[%clk 0:13:35]}  Rxb1 {[%clk 0:07:26]} 23. Rxb1 {[%clk 0:13:38]}  Rb8 {[%clk 0:07:13]} 24. Ng5 {[%clk 0:13:21]}  g6 {[%clk 0:07:02]} 25. Ngf3 {[%clk 0:12:52]}  Rxb1 {[%clk 0:06:46]} 26. Qxb1 {[%clk 0:12:47]}  Qb8 {[%clk 0:06:45]} 27. Qc2 {[%clk 0:12:26]}  Ba3 {[%clk 0:05:56]} 28. Qa4 {[%clk 0:12:13]}  Bb2 {[%clk 0:05:05]} 29. Qxa5 {[%clk 0:10:07]}  Nc6 {[%clk 0:04:38]} 30. Qa4 {[%clk 0:09:44]}  Qb6 {[%clk 0:04:09]} 31. Qc2 {[%clk 0:09:18]}  Ba3 {[%clk 0:03:51]} 32. Nb1 {[%clk 0:09:02]}  Qb2 {[%clk 0:03:14]} 33. Qxb2 {[%clk 0:09:05]}  Bxb2 {[%clk 0:03:17]} 34. Kf1 {[%clk 0:09:09]}  Nb8 {[%clk 0:02:44]} 35. Ke2 {[%clk 0:08:59]}  Nd7 {[%clk 0:02:41]} 36. Ne5 {[%clk 0:08:41]}  Nb6 {[%clk 0:02:27]} 37. Kd2 {[%clk 0:08:35]}  f6 {[%clk 0:02:13]} 38. Ng4 {[%clk 0:08:15]}  Kf7 {[%clk 0:02:17]} 39. Ne3 {[%clk 0:08:16]}  Na4 {[%clk 0:02:02]} 40. Kc2 {[%clk 0:07:57]}  Ke7 {[%clk 0:02:02]} 41. Nd1 {[%clk 0:07:41]}  Ba1 {[%clk 0:02:05]} 42. Na3 {[%clk 0:07:19]}  Kd6 {[%clk 0:01:55]} 43. Nb1 {[%clk 0:06:32]}  e5 {[%clk 0:01:49]} 44. fxe5+ {[%clk 0:06:16]}  fxe5 {[%clk 0:01:50]} 45. f3 {[%clk 0:06:10]}  exd4 {[%clk 0:01:48]} 46. cxd4 {[%clk 0:06:13]}  Bxd4 {[%clk 0:01:50]} 47. Nbc3 {[%clk 0:06:15]}  Nxc3 {[%clk 0:01:29]} 48. Nxc3 {[%clk 0:06:18]}  Bxc3 {[%clk 0:01:33]} 49. Kxc3 {[%clk 0:06:22]}  Kc5 {[%clk 0:01:37]} 50. f4 {[%clk 0:05:56]}  d4+ {[%clk 0:01:33]} 51. Kc2 {[%clk 0:06:00]}  Kb4 {[%clk 0:01:33]} 52. g4 {[%clk 0:05:59]}  d3+ {[%clk 0:00:52]} 53. Kd2 {[%clk 0:06:01]}  Ka3 {[%clk 0:00:46]} 54. f5 {[%clk 0:06:05]}  Kb2 {[%clk 0:00:42]} 55. f6 {[%clk 0:06:08]}  c3 {[%clk 0:00:45]} 56. Kxd3 {[%clk 0:06:12]}  c2 {[%clk 0:00:46]} 57. f7 {[%clk 0:06:15]}  c1=Q {[%clk 0:00:49]} 58. f8=Q {[%clk 0:06:18]}  Qc2+ {[%clk 0:00:47]} 59. Kd4 {[%clk 0:06:14]}  Qc3+ {[%clk 0:00:46]} 60. Kd5 {[%clk 0:06:14]}  Qa5+ {[%clk 0:00:44]} 61. Ke4 {[%clk 0:06:02]}  Qe1+ {[%clk 0:00:43]} 62. Kd5 {[%clk 0:05:58]}  Qa5+ {[%clk 0:00:40]} 63. Kc6 {[%clk 0:06:00]}  Qa6+ {[%clk 0:00:39]} 64. Kd7 {[%clk 0:05:59]}  Qa4+ {[%clk 0:00:38]} 65. Ke7 {[%clk 0:05:57]}  Qe4+ {[%clk 0:00:38]} 66. Kf7 {[%clk 0:05:59]}  Qf3+ {[%clk 0:00:28]} 67. Kg8 {[%clk 0:06:02]}  Qxh3 {[%clk 0:00:29]} 68. Qf6+ {[%clk 0:05:56]}  Kxa2 {[%clk 0:00:28]} 69. Qe6+ {[%clk 0:05:36]}  Kb2 {[%clk 0:00:22]} 70. Kg7 {[%clk 0:05:36]}  h5 {[%clk 0:00:23]} 71. Qb6+ {[%clk 0:05:35]}  Ka3 {[%clk 0:00:18]} 72. g5 {[%clk 0:05:38]}  Qf5 {[%clk 0:00:19]} 73. Qe3+ {[%clk 0:05:02]}  Ka4 {[%clk 0:00:21]} 74. Kh6 {[%clk 0:05:06]}  h4 {[%clk 0:00:18]} 75. Qd4+ {[%clk 0:04:59]}  Ka3 {[%clk 0:00:22]} 76. Qe3+ {[%clk 0:04:52]}  Ka2 {[%clk 0:00:23]} 77. Kh7 {[%clk 0:04:46]}  h3 {[%clk 0:00:26]} 78. Kh6 {[%clk 0:04:49]}  Kb2 {[%clk 0:00:23]} 79. Qd2+ {[%clk 0:04:39]}  Kb3 {[%clk 0:00:24]} 80. Qd6 {[%clk 0:04:34]}  Kc4 {[%clk 0:00:18]} 81. Qd2 {[%clk 0:04:25]}  Kb3 {[%clk 0:00:20]} 82. Qd6 {[%clk 0:04:16]}  Kc4 {[%clk 0:00:22]} 83. Qg3 {[%clk 0:03:38]}  Kd4 {[%clk 0:00:24]} 84. Qg1+ {[%clk 0:03:36]}  Kc3 {[%clk 0:00:25]} 85. Qe3+ {[%clk 0:03:39]}  Kc4 {[%clk 0:00:27]} 86. Qg3 {[%clk 0:03:35]}  Kd4 {[%clk 0:00:28]} 87. Qg1+ {[%clk 0:03:29]} 1/2-1/2

[Event "Rapid Tournament (RAP)"]
[Site "Biel, CH"]
[Date "2025.07.13"]
[Round "2"]
[White "Tcheau, Alain"]
[Black "Thorens, Johan"]
[Result "1-0"]
[Board "55"]
[WhiteFideId "1306014"]
[BlackFideId "1364375"]
[WhiteElo "1912"]
[BlackElo "1657"]
[WhiteTeam "SUI"]
[BlackTeam "SUI"]
[WhiteClock "0:13:00"]
[BlackClock "0:07:58"]
[Variant "Standard"]

1. c4 {[%clk 0:15:09]}  e5 {[%clk 0:15:01]} 2. d3 {[%clk 0:15:11]}  Nf6 {[%clk 0:15:05]} 3. Nc3 {[%clk 0:15:15]}  h6 {[%clk 0:15:01]} 4. e3 {[%clk 0:15:17]}  Nc6 {[%clk 0:14:50]} 5. Nf3 {[%clk 0:15:18]}  Bb4 {[%clk 0:14:47]} 6. Be2 {[%clk 0:15:16]}  d5 {[%clk 0:13:55]} 7. cxd5 {[%clk 0:15:16]}  Nxd5 {[%clk 0:13:58]} 8. Bd2 {[%clk 0:15:20]}  Be6 {[%clk 0:13:44]} 9. O-O {[%clk 0:15:19]}  Nxc3 {[%clk 0:13:45]} 10. bxc3 {[%clk 0:15:22]}  Be7 {[%clk 0:13:45]} 11. Qc2 {[%clk 0:15:22]}  O-O {[%clk 0:13:45]} 12. e4 {[%clk 0:14:06]}  f5 {[%clk 0:12:35]} 13. Rfd1 {[%clk 0:15:22]}  f4 {[%clk 0:12:22]} 14. Be1 {[%clk 0:15:12]}  Bg5 {[%clk 0:11:38]} 15. d4 {[%clk 0:15:10]}  Qf6 {[%clk 0:11:14]} 16. d5 {[%clk 0:15:06]}  Bg4 {[%clk 0:10:19]} 17. dxc6 {[%clk 0:15:01]}  bxc6 {[%clk 0:10:09]} 18. Nxg5 {[%clk 0:14:43]}  Qxg5 {[%clk 0:10:06]} 19. Bxg4 {[%clk 0:14:46]}  Qxg4 {[%clk 0:10:09]} 20. f3 {[%clk 0:14:42]}  Qg5 {[%clk 0:10:06]} 21. Rd7 {[%clk 0:14:32]}  Rad8 {[%clk 0:09:34]} 22. Rad1 {[%clk 0:14:33]}  Rb8 {[%clk 0:09:03]} 23. Rxc7 {[%clk 0:14:18]}  Rb6 {[%clk 0:09:18]} 24. Rdd7 {[%clk 0:13:28]}  Rfb8 {[%clk 0:08:53]} 25. Rxg7+ {[%clk 0:13:31]}  Qxg7 {[%clk 0:08:33]} 26. Rxg7+ {[%clk 0:13:34]}  Kxg7 {[%clk 0:08:36]} 27. Qa4 {[%clk 0:12:57]}  Rb1 {[%clk 0:08:29]} 28. Kf1 {[%clk 0:12:33]}  Rc1 {[%clk 0:07:58]} 29. Qxa7+ {[%clk 0:13:00]} 1-0